00381nam a2200181Ia 4500003000900000008004100009040001300050040001300063041000800076100002200084245003200106250001100138260001400149260000900163300001100172300001000183490000600193IT-RoPAU120407s9999 xx 000 0 und d aIT-RoPAU cIT-RoPAU aita aGuido Giustiniano aPromozione umana e cultura. aNapoli aDehoniane c1976 a181 p. c24 cm v1